MARC details
| 000 -LEADER |
| fixed length control field |
04447cam a2200529 i 4500 |
| 001 - CONTROL NUMBER |
| control field |
19042201 |
| 003 - CONTROL NUMBER IDENTIFIER |
| control field |
GZU |
| 005 - DATE AND TIME OF LATEST TRANSACTION |
| control field |
20221018142748.0 |
| 008 - FIXED-LENGTH DATA ELEMENTS--GENERAL INFORMATION |
| fixed length control field |
160404t20172017ne ac b 001 0 eng c |
| 010 ## - LIBRARY OF CONGRESS CONTROL NUMBER |
| LC control number |
2016937836 |
| 016 7# - NATIONAL BIBLIOGRAPHIC AGENCY CONTROL NUMBER |
| Record control number |
101717203 |
| Source |
DNLM |
| 020 ## - INTERNATIONAL STANDARD BOOK NUMBER |
| International Standard Book Number |
9780128036204 (hbk.) |
| 020 ## - INTERNATIONAL STANDARD BOOK NUMBER |
| International Standard Book Number |
0128036206 (hbk.) |
| 022 ## - INTERNATIONAL STANDARD SERIAL NUMBER |
| International Standard Serial Number |
9780128036204 |
| 035 ## - SYSTEM CONTROL NUMBER |
| System control number |
(OCoLC)ocn972508192 |
| 040 ## - CATALOGING SOURCE |
| Original cataloging agency |
NLM |
| Language of cataloging |
eng |
| Transcribing agency |
NLM |
| Description conventions |
rda |
| Modifying agency |
OCLCF |
| -- |
LIP |
| -- |
AU@ |
| -- |
OCLCO |
| -- |
DLC |
| 042 ## - AUTHENTICATION CODE |
| Authentication code |
pcc |
| 050 00 - LIBRARY OF CONGRESS CALL NUMBER |
| Classification number |
RA1238 |
| Item number |
.COM 2017 |
| 130 0# - MAIN ENTRY--UNIFORM TITLE |
| Uniform title |
Comprehensive guide to toxicology in preclinical drug development. |
| 245 12 - TITLE STATEMENT |
| Title |
A comprehensive guide to toxicology in nonclinical drug development / |
| Statement of responsibility, etc. |
edited by Ali Said Faqi, |
| 250 ## - EDITION STATEMENT |
| Edition statement |
Second edition. |
| 264 #1 - PRODUCTION, PUBLICATION, DISTRIBUTION, MANUFACTURE, AND COPYRIGHT NOTICE |
| Place of production, publication, distribution, manufacture |
Amsterdam : |
| Name of producer, publisher, distributor, manufacturer |
Academic Press is an imprint of Elsevier, |
| Date of production, publication, distribution, manufacture, or copyright notice |
[2017] |
| 264 #4 - PRODUCTION, PUBLICATION, DISTRIBUTION, MANUFACTURE, AND COPYRIGHT NOTICE |
| Date of production, publication, distribution, manufacture, or copyright notice |
©2017 |
| 300 ## - PHYSICAL DESCRIPTION |
| Extent |
xiii, 971 pages : |
| Other physical details |
illustrations (some color), portraits ; |
| Dimensions |
29 cm |
| 336 ## - CONTENT TYPE |
| Content type term |
text |
| Content type code |
txt |
| Source |
rdacontent |
| 337 ## - MEDIA TYPE |
| Media type term |
unmediated |
| Media type code |
n |
| Source |
rdamedia |
| 338 ## - CARRIER TYPE |
| Carrier type term |
volume |
| Carrier type code |
nc |
| Source |
rdacarrier |
| 500 ## - GENERAL NOTE |
| General note |
Preceded by Comprehensive guide to toxicology in preclinical drug development / edited by Ali S. Faqi. 1st ed. 2013. |
| 504 ## - BIBLIOGRAPHY, ETC. NOTE |
| Bibliography, etc. note |
Includes bibliographical references and index. |
| 505 ## - FORMATTED CONTENTS NOTE |
| Formatted contents note |
1. Introduction; 2. ADME in Drug Discovery; 3. Pharmacokinetics and Toxicokinetics; 4. Acute, Sub-Acute, Sub-Chronic and Chronic, Dermal and Inhalation Toxicology; 5. Contemporary Practices in Core Safety Pharmacology Assessments; 6. Genetic Toxicology Testing; 7. Clinical Pathology; 8. Best Practice in Toxicologic Pathology; 9. Molecular Pathology: Applications in Nonclinical Drug Development; 10. Infusion Toxicology and Techniques; 11. The Preparation of a Nonclinical Dossier to Support an Investigational New Drug (IND) Application and First-in-Human Clinical Trials; 12. Developmental and Reproductive Toxicology; 13. Immunotoxicology Assessment in Drug Development; 14. Juvenile Toxicity Testing to Support Clinical Trials in the Pediatric Population; 15. Photosafety: Current Methods and Future Direction; 16. Dermal Toxicology; 17. Inhalation Toxicology; 18. Nonclinical Evaluation of Carcinogenicity using the Rodent Two-Year Bioassay and Carcinogenicity Evaluations using Genetically Engineered Animals; 19 Current Strategies for Abuse Liability Assessment of New Chemical Entities; 20. Nonclinical Development of Monoclonal Antibodies; 21. Nonclinical Development of Non-Oncogenic Drugs (Small and Large Molecules); 22. Nonclinical Development of Oncology Drugs; 23. Safety Evaluation of Ocular Drugs; 24. Nonclinical toxicology of Vaccines; 25. Stem Cells In Nonclinical Toxicology; 26. Overview of the Nonclinical Development Strategies and Class-Effects of Oligonucleotide-Based Therapeutics; 27. Nonclinical Safety Assessment of Botanical Drugs; 28. Regulatory Toxicology; 29. Biostatistics for Toxicologists; 30. Role of Study Director and Study Monitor in Drug Development; 31. Use of Imaging for Nonclinical Evaluation; 32. Biomarkers in Toxicology; 33. Predictive Toxicology: Biological Assay Platforms; 34. Toxicometabolomics: Technology and Applications; 35. Toxicogenomics in Nonclinical Development; 36. Nonclinical Testing of Medical Devices; 37. The Pitfalls of Drug Development |
| 520 ## - SUMMARY, ETC. |
| Summary, etc. |
This book is designed to provide a complete understanding of all aspects of nonclinical toxicology in the development of small molecules and biologics. This updated edition has been reorganized and expanded to include important topics such as stem cells in nonclinical toxicology, inhalation and dermal toxicology, pitfalls in drug development, biomarkers in toxicology, and more |
| 650 #0 - SUBJECT ADDED ENTRY--TOPICAL TERM |
| Topical term or geographic name entry element |
Drugs |
| General subdivision |
Toxicology. |
| 650 #0 - SUBJECT ADDED ENTRY--TOPICAL TERM |
| Topical term or geographic name entry element |
Drug development. |
| 650 #0 - SUBJECT ADDED ENTRY--TOPICAL TERM |
| Topical term or geographic name entry element |
Clinical toxicology. |
| 650 12 - SUBJECT ADDED ENTRY--TOPICAL TERM |
| Topical term or geographic name entry element |
Drug Evaluation |
| General subdivision |
methods. |
| 650 22 - SUBJECT ADDED ENTRY--TOPICAL TERM |
| Topical term or geographic name entry element |
Drug Discovery. |
| 650 22 - SUBJECT ADDED ENTRY--TOPICAL TERM |
| Topical term or geographic name entry element |
Drug-Related Side Effects and Adverse Reactions |
| General subdivision |
prevention & control. |
| 650 22 - SUBJECT ADDED ENTRY--TOPICAL TERM |
| Topical term or geographic name entry element |
Toxicity Tests |
| General subdivision |
methods. |
| 650 #7 - SUBJECT ADDED ENTRY--TOPICAL TERM |
| Topical term or geographic name entry element |
Clinical toxicology. |
| Source of heading or term |
fast |
| Authority record control number or standard number |
(OCoLC)fst00864428 |
| 650 #7 - SUBJECT ADDED ENTRY--TOPICAL TERM |
| Topical term or geographic name entry element |
Drug development. |
| Source of heading or term |
fast |
| Authority record control number or standard number |
(OCoLC)fst00898670 |
| 650 #7 - SUBJECT ADDED ENTRY--TOPICAL TERM |
| Topical term or geographic name entry element |
Drugs |
| General subdivision |
Toxicology. |
| Source of heading or term |
fast |
| Authority record control number or standard number |
(OCoLC)fst00898958 |
| 700 1# - ADDED ENTRY--PERSONAL NAME |
| Personal name |
Faqi, Ali S., |
| Relator term |
editor. |
| 906 ## - LOCAL DATA ELEMENT F, LDF (RLIN) |
| a |
7 |
| b |
cbc |
| c |
pccadap |
| d |
2 |
| e |
ncip |
| f |
20 |
| g |
y-gencatlg |
| 942 ## - ADDED ENTRY ELEMENTS (KOHA) |
| Source of classification or shelving scheme |
Library of Congress Classification |
| Koha item type |
Books |
| Edition |
Second edition |
| Classification part |
1238 |
| Item part |
COM |
| Call number prefix |
RA |